000 01213cam a22003497a 4500
003 CHAP
005 20230531122922.0
008 971013s1988 r 00010 d
010 _a11113
011 _a12085
035 _a14032
040 _cCHAP
082 _a632.3
_bR6
100 0 0 _aRodríguez M., María de Lourdes.
_998660
245 0 _aTaller de fitobacteriología
260 _aXalapa, Ver. :
_bSociedad Mexicana de Fitopatología,
_c1988
300 _a119 p.
590 _aBATCH-UPD
_b10
_c20130109
_lUCH01
_h2322
590 _aBATCH-UPD
_b10
_c20130110
_lUCH01
_h0930
590 _aBATCH-UPD
_b10
_c20130409
_lUCH01
_h1845
590 _aBATCH-UPD
_b10
_c20130410
_lUCH01
_h0549
590 _aBATCH-UPD
_b10
_c20130914
_lUCH01
_h0518
590 _aCONVERSION
_b10
_c20130109
_lUCH01
_h1307
650 1 4 _aBacterias fitopatógenas.
_99326
650 1 4 _aPlantas
_xEnfermedades por bacterias.
_988829
700 1 _aLópez Fuentes, María Cristina
_967878
901 _aBK
942 _cLIBRO
949 _a632.3 R6
_bBC
_cLIBRO
_d33724000091591
_eLIBRO
_fc.2
_h73582
_i14032
_si
949 _a632.3 R6
_bBC
_cLIBRO
_d33724000678728
_eLIBRO
_h73581
_i14032
_si
949 _a632.3 R6
_bF
_cLIBRO
_d-26158
_eLIBRO
_h2674
_i14032
_si
999 _c11113
_d11113